Nazwy polskich raperów na Instagramie - Statystyki

Ogólne statystyki
  • Ten quiz został rozwiązany 23 razy
  • Średni wynik to 8 z 25
Statystyki odpowiedzi
Raper Insta % Poprawnych
Bedoes 2115 bedoes2115
80%
Oki spietadresiara
75%
Otsochodzi otsochodzi
70%
Taco Hemingway tacohemingway
65%
White 2115 2115white
50%
Quebonafide quebahombre
50%
Young Multi youngmulti
50%
Mata 33mata
45%
Zeamsone zeamsone
45%
Żabson zabsonziomal
30%
Białas bialas_h8m5
25%
Fukaj fukajot
25%
Szpaku szpakusimba
25%
PlanBe planbetl
20%
Przyłu przyludziach
20%
Beteo beteo_official
15%
Guzior guziormati
15%
Gibbs mateuszgibbs
15%
ReTo reto_synku
15%
Sokół wojteksokol
15%
Kukon kukonogf
10%
Paluch paluchofficial
10%
Gedz gedz_nnjl
5%
Pezet pezetofficial
5%
Young Igi youngigiyi
5%
Nie znaleziono quizów pasujących do podanych kryteriów
Rozkład punktacji
Procent ludzi z każdym wynikiem
Percentyl według liczby udzielonych odpowiedzi
Twoja historia wyników
Nie rozwiązałeś tego quizu